|
|
|
|
| LEADER |
00000nab a2200000 a 4500 |
| 001 |
vtls000889955 |
| 003 |
SK-MaSNL |
| 005 |
20260304112205.0 |
| 008 |
250429c2003 xo fr|p|||||||000 b|slo |
| 015 |
|
|
|a SNBRx2004/11
|2 snkbucl
|
| 035 |
|
|
|a (sysno)vtls000889955
|
| 035 |
|
|
|a urn:nbn:sk:snk-ab7a0k
|
| 035 |
|
|
|a (uuid)22c7a65e-07be-4be8-a9f3-1659ae51da98
|
| 035 |
|
|
|a (urnnbn)urn:nbn:sk:snk:ar-a07cy8
|
| 038 |
|
|
|a SNKBUCL
|
| 040 |
|
|
|a SNKBUCL
|b slo
|c SNKBUCL
|e AACR2
|
| 041 |
0 |
|
|a slo
|
| 044 |
|
|
|a xo
|c SK
|
| 080 |
|
|
|a 612.015.6
|2 1997
|
| 080 |
|
|
|a 615.356
|2 1997
|
| 080 |
|
|
|a 615.326
|2 1997
|
| 100 |
1 |
|
|a Zadák, Zdeněk,
|d 1937-
|4 aut
|9 216699
|
| 245 |
1 |
0 |
|a Vitamíny a stopové prvky v zdraví a chorobe
|c Zdeněk Zadák
|
| 300 |
|
|
|b Obr., tab.
|
| 504 |
|
|
|a Bibliogr. odkazy
|
| 650 |
0 |
7 |
|a vitamíny
|2 snkbucl
|9 2616
|
| 650 |
0 |
7 |
|a stopové prvky
|2 snkbucl
|9 29124
|
| 650 |
0 |
7 |
|a zdravie
|2 snkbucl
|9 16322
|
| 773 |
0 |
|
|t Farminews
|g Roč. 4[1], č. 1 (2003), s. 8-11
|x 1336-3328
|
| 850 |
|
|
|a Slovenská národná knižnica
|
| 852 |
|
|
|a Slovenská národná knižnica
|
| 954 |
|
|
|a odborná, vedecká literatúra pôvodná (slovenská)
|2 lita
|
| 958 |
|
|
|a article27
|
| 958 |
|
|
|a OND
|
| 958 |
|
|
|a MI
|
| 958 |
|
|
|a EUIPO
|
| 999 |
|
|
|c 2864554
|d 2866484
|